| 000 | 00463nam a2200181Ia 4500 | ||
|---|---|---|---|
| 005 | 20240823054207.0 | ||
| 008 | 240823s9999||||xx |||||||||||||| ||und|| | ||
| 020 | _a978-81-87721-12-3 | ||
| 041 | _aENGLISH | ||
| 082 | _A610.28 Q6 | ||
| 100 | _aArumugam M | ||
| 245 | 0 | _aBiomedical Instrumentation | |
| 250 | _a3rd | ||
| 260 |
_c2016 _b"Anuradha,Kumbakonam" |
||
| 500 | _aTRANSFERED | ||
| 650 |
_aBiomedical Instrumentation _bInstrumentation |
||
| 942 | _cBK | ||
| 999 |
_c225891 _d225891 |
||